Профессиональная библиотека работника социальной службы. 2017, № 2 (90): Научно-методические основы организации и содержания социального обслуживания населения в Ханты-Мансийском автономном округе - Югре, вып. 3 (Запись № 11768128)

Подробности
000 -МАРКЕР
контрольное поле 02356nam2a2200265 4500
001 - ИДЕНТИФИКАТОР ЗАПИСИ
контрольное поле RU\NLR\PER_A\002284191_001250
005 - ИДЕНТИФИКАТОР ВЕРСИИ
контрольное поле 20250626071147.0
035 ## - ДРУГИЕ СИСТЕМНЫЕ НОМЕРА
Идентификатор записи (NLR Aleph) 011453983
100 ## - ДАННЫЕ ОБЩЕЙ ОБРАБОТКИ
Данные общей обработки 20170814d2017 |||y0rusy50 ca
101 0# - ЯЗЫК РЕСУРСА
Язык текста, звукозаписи и т.д. русский
102 ## - СТРАНА ПУБЛИКАЦИИ ИЛИ ПРОИЗВОДСТВА
Страна публикации российская федерация
200 1# - ЗАГЛАВИЕ И СВЕДЕНИЯ ОБ ОТВЕТСТВЕННОСТИ
Основное заглавие Научно-методические основы организации и содержания социального обслуживания населения в Ханты-Мансийском автономном округе - Югре, вып. 3
Сведения, относящиеся к заглавию сборник материалов, подготовленных бюджетным учреждением Ханты-Мансийского автономного округа -Югры "Методический центр развития социального обслуживания" Департамента социального развития Ханты-Мансийского автономного округа - Югры
Первые сведения об ответственности сост. А.В. Бодак, к.п.н., доц.
210 ## - ПУБЛИКАЦИЯ, РАСПРОСТРАНЕНИЕ И ДР.
Дата издания, распространения и т.д. 2017
Место издания, распространения и т.д. Б. м.
225 1# - СЕРИЯ
Основное заглавие серии Серия "Содержание, организация и технологии социального обслуживания: практика деятельности социальных служб"
461 #0 - УРОВЕНЬ НАБОРА
Встроенное поле 001RU\NLR\INFOCOMM29\5000543575
-- 2001#$aПрофессиональная библиотека работника социальной службы$eПроф. науч.-практ. и метод. журн.$fМежрегион. обществ. орг. "Ассоц. работников социал. служб"$v2017, № 2 (90)
Системный номер (АБИС) связанной записи 4070846
Место публикации М.
Дата публикации 2002 -
Первые сведения об ответственности Межрегион. обществ. орг. "Ассоц. работников социал. служб"
Имя издателя, распространителя и т.д. Б. и.
Сведения, относящиеся к заглавию Проф. науч.-практ. и метод. журн.
Заглавие Профессиональная библиотека работника социальной службы
Номер тома 2017, № 2 (90)
606 1# - НАИМЕНОВАНИЕ ТЕМЫ КАК ПРЕДМЕТ
Наименование темы Социальное обслуживание
Формальный подзаголовок Сборники
Географический подзаголовок Ханты-Мансинский автономный округ-Югра
Системный номер авторитетной/нормативной записи 2157146
Идентификатор авторитетной/нормативной записи RU\NLR\AUTH\661603216
686 1# - ИНДЕКСЫ ДРУГИХ КЛАССИФИКАЦИЙ
Индекс У27(2)2(2Р-Тю-6Х)я43
686 1# - ИНДЕКСЫ ДРУГИХ КЛАССИФИКАЦИЙ
Индекс С550.473я43
702 #1 - ИМЯ ЛИЦА - ВТОРИЧНАЯ ОТВЕТСТВЕННОСТЬ
Начальный элемент ввода Бодак
Часть имени, кроме начального элемента ввода А.В.
Код отношения Составитель
852 ## - МЕСТОНАХОЖДЕНИЕ И ШИФР ХРАНЕНИЯ
Идентификатор организации NLR
Шифр хранения (Call Number) П22/7715
942 ## - ДОПОЛНИТЕЛЬНЫЕ ЭЛЕМЕНТЫ ЗАПИСИ (АБИС)
Тип экземпляра АБИС Выпуск
980 ## - КОЛЛЕКЦИЯ
Название коллекции Национальная библиография
980 ## - КОЛЛЕКЦИЯ
Название коллекции Русская периодика

Нет доступных экземпляров.